| 000 | 01446nac a22003251u 4500 | ||
|---|---|---|---|
| 999 |
_c9652 _d9652 |
||
| 003 | EG-ScBUE | ||
| 005 | 20210309120403.0 | ||
| 008 | 200219s1996 ii f 000 d eng d | ||
| 020 | _a8175811102 (pbk. : alk. paper) | ||
| 040 |
_aEG-ScBUE _beng _erda _cEG-ScBUE _dEG-ScBUE |
||
| 082 | 0 | 4 |
_a822.3 _bWEB _222 |
| 100 | 1 |
_aWebster, John, _eauthor. |
|
| 245 | 1 | 4 |
_aThe white devil : _bedited with a critical introduction, complete paraphrase of the text, model explanations, notes and questions and answers / _cJohn Webster ; edited by Raghukul Tilak, M.A., Ph.D., Department of English, Meerut College, Meerut and Anupam Gupta, M.A., Ph.D. |
| 250 | _aFourth edition. | ||
| 264 | 1 |
_aNew Delhi : _bRama Brothers Educational Publishing, _c1996. |
|
| 300 |
_ax, 468 pages ; _c20 cm |
||
| 336 |
_2rdacontent _atext _btxt |
||
| 337 |
_2rdamedia _aunmediated _bn |
||
| 338 |
_2rdacarrier _avolume _bnc |
||
| 500 | _a"Based on The Revels plays edition edited by John Russell Brown, published by Methuen & Co., 1960, and by Manchester University Press, 1977." | ||
| 500 | _aIncludes suggesting readings list. | ||
| 500 | _aDistributer:Al-Ahram. | ||
| 650 | 7 |
_aRevenge _xDrama. _2BUEsh |
|
| 651 | _2BUEsh | ||
| 653 | _bHHUUEENN | ||
| 655 | 7 |
_aTragedies. _vReading book |
|
| 700 | 1 |
_aTilak, Raghukul, _eauthor. |
|
| 856 | 4 | 2 |
_3Publisher description _uhttp://www.loc.gov/catdir/enhancements/fy0601/95021693-d.html |
| 942 |
_cBB _k822.3WEB _2ddc |
||